000 01856nam a2200481Ii 4500
001 DIGHERDER0195
003 NyNyDIG
007 cr |||||||||||
008 220417s2014 sp ob 001 0 spa d
006 m o d
035 _a(OCoLC)912307287
040 _aDGITA
_beng
_erda
_epn
_cDGITA
020 _a9788425432712
_qeBook
_qePub
020 _z9788425432729
041 1 _aspa
_heng
050 1 4 _aBR99.74 ebook
100 1 _aSpadaro, Antonio,
_eauthor.
240 1 0 _aCyberteologia.
_lSpanish
_s(Martínez Riu)
245 1 0 _aCiberteología :
_bpensar el cristianismo en tiempos de la red /
_cAntonio Spadaro ; traducción de Antoni Martínez Riu.
250 _aPrimera edición digital.
264 1 _aBarcelona :
_bHerder,
_c2014.
300 _a1 online resource.
336 _atext
_btxt
_2rdacontent
337 _acomputer
_bc
_2rdamedia
338 _aonline resource
_bcr
_2rdacarrier
347 _atext file
_2rdaft
347 _bEPUB
490 1 _aBiblioteca Herder
504 _aIncludes bibliographical references and index.
588 0 _aOnline resource; title from ePub title page (Digitalia, viewed April 17, 2022)
650 0 _aInternet
_xReligious aspects
_xChristianity.
650 0 _aCyberspace
_xReligious aspects
_xChristianity.
655 0 _aElectronic books.
700 1 _aMartínez Riu, Antoni,
_etranslator.
700 1 _iTranslation of:
_aSpadaro, Antonio.
_tCyberteologia.
791 2 _aDigitalia (Firm),
_edistributor.
793 0 _gDigitalia eBook Collection:
_aHerder Editorial
776 0 8 _iPrint version:
_aSpadaro, Antonio.
_sCyberteologia. Spanish (Martínez Riu).
_tCiberteología.
_dBarcelona : Herder, 2014
_z9788425432729
830 0 _aBiblioteca Herder.
856 4 0 _3Digitalia Hispánica
_uhttps://www.digitaliapublishing.com/a/61212/
910 _aPremium collection: 2022
942 _cRAA
999 _c257484
_d257484